LIBRARY & INFORMATION CENTRE, KCAET, TAVANUR

ONLINE PUBLIC ACCESS CATALOGUE (OPAC)

Erosion studies using rainfall simulator (Record no. 15210)

MARC details
000 -LEADER
fixed length control field 00585nam a22001937a 4500
003 - CONTROL NUMBER IDENTIFIER
control field OSt
088 ## - REPORT NUMBER
Report number P 102
100 ## - MAIN ENTRY--AUTHOR NAME
Personal name REENA FRANKLIN
245 ## - TITLE STATEMENT
Title Erosion studies using rainfall simulator
260 ## - PUBLICATION, DISTRIBUTION, ETC. (IMPRINT)
Place of publication Tavanur 2000
Name of publisher Kelappaji College of Agricultural Engineering and Technology
300 ## - PHYSICAL DESCRIPTION
Number of Pages 68
500 ## - GENERAL NOTE
General note Erosion studies using rainfall simulator
520 ## - SUMMARY, ETC.
Summary, etc Erosion studies using rainfall simulator
700 ## - ADDED ENTRY--PERSONAL NAME
Personal name Shibi K. Majeed
700 ## - ADDED ENTRY--PERSONAL NAME
Personal name Sumesh Kumar T
700 ## - ADDED ENTRY--PERSONAL NAME
Personal name Er. Shyla Joseph (Guide)
942 ## - ADDED ENTRY ELEMENTS (KOHA)
Koha item type Project Report
Holdings
Collection code Home library Current library Shelving location Full call number Accession Number Koha item type
Reference KAUAET KAUAET Reference 631.75807 REE/ER P 102 Project Report
free website counter